000
00209 a2200097 4500
001
3706
100
_a
Pak Publi
245
_a
Pak sugare commission:1957-59
260
_a
_b
Pak Publi
_c
090
_c
2961
_d
2961
942
_a
NUST-CAE
_c
Gen
_c
21791
999
_c
238779
_d
238779